[Event "GRE-ch U14"]
[Site "Peristeri"]
[Date "2023.07.06"]
[Round "5"]
[White "Thiraios, Rafail Athanasios"]
[Black "Stavropoulos, Sotirios"]
[Result "0-1"]
[WhiteElo "1034"]
[BlackElo "1533"]
[PlyCount "68"]
[EventDate "2023.07.03"]
[EventType "swiss"]
[EventRounds "9"]
[EventCountry "GRE"]
[SourceTitle "EXT 2024"]
[Source "ChessBase"]
[SourceDate "2023.10.10"]
[SourceVersion "1"]
[SourceVersionDate "2023.10.10"]
[SourceQuality "1"]

1. d4 Nf6 2. c4 g6 3. h4 Bg7 4. Nc3 d6 5. e4 0-0 6. Bg5 h6 7. Bxf6 exf6 8. h5 g5 9. g4 Re8 10. Be2 Nc6 11. Qd3 f5 12. gxf5 Bxd4 13. Rc1 a6 14. b3 Bc5 15. Nd5 Ne5 16. Qg3 c6 17. Nf4 Kh8 18. Nd3 Qa5+ 19. Kf1 Nxd3 20. Qxd3 f6 21. Rc2 b5 22. Nf3 Qb6 23. Qc3 Kg7 24. Bd3 b4 25. Qb2 a5 26. Nh2 Bd4 27. Qc1 a4 28. f4 axb3 29. fxg5 bxc2 30. gxf6+ Bxf6 31. Ng4 Bg5 32. f6+ Kf8 33. Qxc2 Bxg4 34. Qg2 Qe3 0-1

[Event "GRE-ch U14"]
[Site "Peristeri"]
[Date "2023.07.05"]
[Round "4"]
[White "Stavropoulos, Sotirios"]
[Black "Kassios, Dimitrios"]
[Result "0-1"]
[WhiteElo "1533"]
[BlackElo "1885"]
[PlyCount "94"]
[EventDate "2023.07.03"]
[EventType "swiss"]
[EventRounds "9"]
[EventCountry "GRE"]
[SourceTitle "EXT 2024"]
[Source "ChessBase"]
[SourceDate "2023.10.10"]
[SourceVersion "1"]
[SourceVersionDate "2023.10.10"]
[SourceQuality "1"]

1. c4 e5 2. Nc3 Be7 3. g3 Nc6 4. Bg2 d6 5. d3 f5 6. e4 Nf6 7. Nge2 fxe4 8. dxe4 Be6 9. Nd5 Qd7 10. 0-0 0-0 11. Rb1 b6 12. f4 Bg4 13. Be3 exf4 14. Bxf4 Rae8 15. Qd2 Bd8 16. Nec3 Ne5 17. b3 Bh3 18. Rbe1 Ng6 19. Nxf6+ Bxf6 20. Nd5 Bxg2 21. Nxf6+ Rxf6 22. Kxg2 Qg4 23. h3 Nh4+ 24. Kf2 Qxh3 25. gxh4 Rxf4+ 26. Qxf4 Rf8 27. Qxf8+ Kxf8 28. Rh1 Qg4 29. Re3 Ke7 30. Rhh3 Ke6 31. h5 Qd1 32. Rhg3 Qxh5 33. Rxg7 Qh4+ 34. Reg3 Qh2+ 35. Rg2 Qf4+ 36. Ke1 Qe3+ 37. Kd1 Qf3+ 38. Ke1 Ke5 39. R2g5+ Kd4 40. Rg3 Qh1+ 41. Kd2 Qh2+ 42. Rg2 Qf4+ 43. Kd1 h5 44. R7g3 Qf1+ 45. Kd2 h4 46. Rg5 Qd3+ 47. Kc1 Kc3 0-1

[Event "GRE-ch South U10"]
[Site "Athens"]
[Date "2020.08.28"]
[Round "1"]
[White "Stavropoulos, Sotirios"]
[Black "Dimitriou Zotos, Konstantinos"]
[Result "1-0"]
[WhiteElo "1207"]
[BlackElo "1003"]
[PlyCount "91"]
[EventDate "2020.08.28"]
[EventType "swiss"]
[EventRounds "9"]
[EventCountry "GRE"]
[SourceTitle "EXT 2023"]
[Source "ChessBase"]
[SourceDate "2022.10.05"]
[SourceVersion "1"]
[SourceVersionDate "2022.10.05"]
[SourceQuality "1"]

1. e4 e5 2. d4 exd4 3. c3 dxc3 4. Nxc3 Nf6 5. Bc4 Bb4 6. Qe2 Bxc3+ 7. bxc3 0-0 8. Nf3 d5 9. e5 dxc4 10. exf6 Qxf6 11. Qxc4 Re8+ 12. Be3 Nc6 13. 0-0 Be6 14. Qd3 Rad8 15. Qc2 Bf5 16. Qb2 b6 17. Bg5 Qd6 18. Bxd8 Qxd8 19. Qb5 Qa8 20. Qxf5 Ne7 21. Qd7 c5 22. Rfe1 Kf8 23. Rad1 Qb8 24. Rd6 Qc8 25. Qxc8 Rxc8 26. Rd7 Ng6 27. Rxa7 b5 28. Rb7 b4 29. cxb4 c4 30. a4 c3 31. Rc1 Nf4 32. Rc2 Ne2+ 33. Kf1 Nf4 34. a5 Rd8 35. Rxc3 Rd1+ 36. Ne1 Rd8 37. a6 Ra8 38. a7 Nd5 39. Rb8+ Rxb8 40. axb8Q+ Ke7 41. Qb7+ Ke6 42. Rd3 Nxb4 43. Qe4+ Kf6 44. Rf3+ Kg5 45. Qf5+ Kh6 46. Rh3# 1-0